Central Library OPAC University of Rajshahi
Normal view MARC view

Entry Personal Name

Number of records used in: 3

001 - CONTROL NUMBER

  • control field: 12909

003 - CONTROL NUMBER IDENTIFIER

  • control field: BD-RjUL

005 - DATE AND TIME OF LATEST TRANSACTION

  • control field: 20240508151425.0

008 - FIXED-LENGTH DATA ELEMENTS

  • fixed length control field: 240508|| aca||aabn | a|a d

040 ## - CATALOGING SOURCE

  • Original cataloging agency: BD-RjUL
  • Transcribing agency: BD-RjUL

100 ## - HEADING--PERSONAL NAME

  • Personal name: Jefferies, Richard,
  • Dates associated with a name: 1848-1887

670 ## - SOURCE DATA FOUND

  • Source citation: Work cat.: (BD-RjUL)83691: Jefferies, Richard, 1848-1887., Bevis :, 1930, [reprinted 1952]